Παροιμίες από την Απείρανθο της Νάξου
Αποθηκεύτηκε σε:
| Κύριος συγγραφέας: | |
|---|---|
| Μορφή: | Βιβλίο |
| Γλώσσα: | Greek |
| Δημοσίευση: |
Αθήνα :
[Ελληνική Λαογραφική Εταιρεία],
1953
|
| Σειρά: | Λαογραφία. δελτίον της Ελληνικής Λαογραφικής Εταιρείας ;
; 6 |
| Θέματα: | |
| Ετικέτες: |
Προσθήκη ετικέτας
Δεν υπάρχουν, Καταχωρήστε ετικέτα πρώτοι!
|
MARC
| LEADER | 00000cam a2200000 i 4500 | ||
|---|---|---|---|
| 001 | 1/17916 | ||
| 008 | 120217s1963 gre d | ||
| 035 | |l 10111884 | ||
| 040 | |a GR-MY-UA |b gre |e aacr | ||
| 041 | 0 | |a gre | |
| 082 | 0 | |a 398.0949585 |2 (22) | |
| 100 | 1 | |a Ζευγώλη-Γλέζου, Διαλεχτή, |d 1909-1996. | |
| 245 | 1 | 0 | |a Παροιμίες από την Απείρανθο της Νάξου / |c συλλογή Διαλεχτής Ζευγώλη-Γλέζου |
| 260 | |a Αθήνα : |b [Ελληνική Λαογραφική Εταιρεία], |c 1953 | ||
| 300 | |a 356 σ.; |c 24 εκ. | ||
| 490 | 1 | |a Λαογραφία. δελτίον της Ελληνικής Λαογραφικής Εταιρείας |v ; 6 | |
| 650 | 0 | 0 | |a Proverbs, Greek (Modern) |z Greece |z Apeiranthos. |
| 830 | 0 | |a Λαογραφία. δελτίον της Ελληνικής Λαογραφικής Εταιρείας ; |v ; 6 | |
| 852 | |a INST |b RHODES |e 20120217 |h 398.0949585 ZEY |p 005400034064 |q 005400034064 |t BK |y 0 | ||
| 901 | |a BIBL4-2012-1 | ||
| 909 | |a Ρ |b 170725 | ||
| 970 | |z 2012/01/ | ||